[Event "Villa Maria op 1st"]
[Site "Villa Maria"]
[Date "2020.02.16"]
[Round "3.1"]
[White "Mateu, Pedro"]
[Black "Altamirano, Carlos"]
[Result "1/2-1/2"]
[WhiteElo "1667"]
[BlackElo "1846"]
[PlyCount "69"]
[EventDate "2020.02.16"]
[EventType "swiss (rapid)"]
[EventRounds "6"]
[EventCountry "ARG"]
[SourceTitle "EXT 2024"]
[Source "ChessBase"]
[SourceDate "2023.10.10"]
[SourceVersion "1"]
[SourceVersionDate "2023.10.10"]
[SourceQuality "1"]

1. e4 c5 2. Nf3 Nc6 3. d4 cxd4 4. Nxd4 g6 5. c4 Bg7 6. Be3 Nf6 7. Nc3 0-0 8. Be2 d6 9. 0-0 h5 10. h3 Kh7 11. Qd2 Nxd4 12. Bxd4 Be6 13. b3 a6 14. Rad1 Rc8 15. f4 b5 16. cxb5 axb5 17. f5 b4 18. fxe6 bxc3 19. Qc2 fxe6 20. e5 Nd5 21. Bxh5 Rf5 22. g4 Nb4 23. Bxg6+ Kh8 24. Rxf5 Nxc2 25. Rh5+ Kg8 26. Rf1 Nxd4 27. Bh7+ Kh8 28. Be4+ Bh6 29. Rxh6+ Kg7 30. Rg6+ Kh7 31. Rxe6+ Kg7 32. Rg6+ Kh8 33. Rh6+ Kg7 34. Rg6+ Kh8 35. Rh6+ 1/2-1/2